[Event "Cto. Madrid 2016/2017 - Semifinal"]
[Site "Madrid ESP"]
[Date "2017.03.28"]
[Round "2.4"]
[White "Lopez De Turiso, Jose Angel"]
[Black "Torres Bosch, Jose Francisco"]
[Result "0-1"]
[WhiteElo "2031"]
[BlackElo "2154"]
[PlyCount "56"]
[EventDate "2017.03.27"]
[EventType "swiss"]
[EventRounds "9"]
[EventCountry "ESP"]
[SourceTitle "AeM"]
[Source "lmi"]
[SourceDate "2017.03.27"]

1. e4 c5 2. Nf3 d6 3. d4 cxd4 4. Nxd4 Nf6 5. Nc3 a6 6. g3 e5 7. Nde2 Be6 8. Bg2
Nbd7 9. Bg5 b5 10. Nd5 h6 11. Bxf6 Nxf6 12. Nxf6+ Qxf6 13. Nc3 Rc8 14. O-O h5
15. f4 h4 16. Nd5 Qh6 17. c3 hxg3 18. hxg3 Bxd5 19. Qxd5 Qh2+ 20. Kf2 exf4 21.
gxf4 Be7 22. Rh1 Bh4+ 23. Kf1 Qxf4+ 24. Ke2 Qf2+ 25. Kd3 Qxg2 26. Rag1 Qxb2 27.
Rc1 Qf2 28. Rh3 Qc5 0-1

[Event "Cto. Madrid 2016/2017 - Semifinal"]
[Site "Madrid ESP"]
[Date "2017.03.28"]
[Round "2.5"]
[White "Iagar, Razvan Gabriel"]
[Black "Kejo, Janne"]
[Result "1-0"]
[WhiteElo "2150"]
[BlackElo "2026"]
[PlyCount "87"]
[EventDate "2017.03.27"]
[EventType "swiss"]
[EventRounds "9"]
[EventCountry "ESP"]
[SourceTitle "AeM"]
[Source "lmi"]
[SourceDate "2017.03.27"]

1. d4 d5 2. c4 c6 3. Nf3 Nf6 4. Nc3 e6 5. e3 Nbd7 6. Qc2 Be7 7. Bd3 O-O 8. b3
dxc4 9. bxc4 c5 10. d5 exd5 11. cxd5 a6 12. a4 b6 13. O-O Bd6 14. e4 Qc7 15.
Re1 Ne5 16. Nxe5 Bxe5 17. g3 Bh3 18. Bb2 Ng4 19. Nd1 Bxb2 20. Nxb2 Ne5 21. Be2
Bg4 22. Bxg4 Nxg4 23. Qe2 Nf6 24. Rad1 Qb7 25. Nc4 Rfd8 26. Rb1 b5 27. Na5 Qc7
28. Nc6 Re8 29. Qc2 bxa4 30. Qxa4 Nd7 31. Rec1 Qd6 32. Qc4 Qh6 33. Kg2 g5 34.
Rb7 Ne5 35. Nxe5 Rxe5 36. h3 Qg6 37. f3 h5 38. g4 Rc8 39. Rcb1 Ree8 40. R7b6
Qg7 41. gxh5 Qe5 42. h6 Red8 43. R1b3 Qf4 44. Qc3 1-0

[Event "Cto. Madrid 2016/2017 - Semifinal"]
[Site "Madrid ESP"]
[Date "2017.03.28"]
[Round "2.6"]
[White "De La Esperanza Martin, Alberto"]
[Black "Rottenwohrer Suarez, Juan"]
[Result "1/2-1/2"]
[WhiteElo "2024"]
[BlackElo "2129"]
[PlyCount "141"]
[EventDate "2017.03.27"]
[EventType "swiss"]
[EventRounds "9"]
[EventCountry "ESP"]
[SourceTitle "AeM"]
[Source "lmi"]
[SourceDate "2017.03.27"]

1. e4 c5 2. Nf3 g6 3. d4 cxd4 4. Qxd4 Nf6 5. Nc3 Nc6 6. Qa4 d6 7. e5 dxe5 8.
Nxe5 Qd4 9. Nxc6 Qxa4 10. Nxa4 bxc6 11. Be3 Bg7 12. O-O-O O-O 13. Be2 Nd5 14.
Bd2 Rb8 15. c3 e5 16. Nc5 Re8 17. Ne4 Be6 18. Nc5 Bc8 19. Ne4 f5 20. Nd6 Rd8
21. Nxc8 Rdxc8 22. Bc4 Kf8 23. h4 a5 24. h5 Nb6 25. Ba6 Rc7 26. hxg6 hxg6 27.
Bg5 Nd5 28. Bc4 Rcb7 29. Bxd5 cxd5 30. Rxd5 Rxb2 31. Rd8+ Rxd8 32. Kxb2 Rb8+
33. Kc2 e4 34. Rd1 Rc8 35. Rd8+ Rxd8 36. Bxd8 a4 37. Bg5 Kf7 38. g3 Ke6 39. c4
Kd6 40. Be3 Kc6 41. Kd2 Bf8 42. Ke2 Bc5 43. Bd2 Bd4 44. Bb4 Be5 45. Ba3 Bd6 46.
Bb2 Kc5 47. Ba3+ Kc6 48. Bb2 Bc5 49. Bc3 Ba3 50. Bd4 Kd6 51. f3 Bc5 52. Bg7 Kc6
53. fxe4 fxe4 54. Bh6 Bd4 55. Bf8 Be5 56. Ke3 Bxg3 57. Kxe4 Bd6 58. Bh6 Kc5 59.
Kd3 Kb4 60. Bc1 Be7 61. Kd4 g5 62. Kd5 g4 63. Bf4 Ka3 64. c5 Bxc5 65. Kxc5 Kxa2
66. Kd4 Kb1 67. Ke3 a3 68. Be5 a2 69. Kf4 a1=Q 70. Bxa1 Kxa1 71. Kxg4 1/2-1/2

[Event "Cto. Madrid 2016/2017 - Semifinal"]
[Site "Madrid ESP"]
[Date "2017.03.28"]
[Round "2.7"]
[White "Correas Gonzalez, Jose Ramon"]
[Black "Gonzalez Rivera, Eduardo"]
[Result "1/2-1/2"]
[WhiteElo "2080"]
[BlackElo "2020"]
[PlyCount "54"]
[EventDate "2017.03.27"]
[EventType "swiss"]
[EventRounds "9"]
[EventCountry "ESP"]
[SourceTitle "AeM"]
[Source "lmi"]
[SourceDate "2017.03.27"]

1. e4 e5 2. Nf3 Nc6 3. Bb5 a6 4. Ba4 Nf6 5. d3 b5 6. Bb3 Be7 7. O-O O-O 8. Nc3
d6 9. Nd5 Na5 10. c4 c6 11. Nxe7+ Qxe7 12. cxb5 Nxb3 13. Qxb3 axb5 14. Bg5 h6
15. Bxf6 Qxf6 16. Qc2 Bg4 17. Nd2 c5 18. f3 Be6 19. a4 bxa4 20. Rxa4 Rxa4 21.
Qxa4 Qf4 22. Rf2 Qe3 23. Qc2 Ra8 24. Qb1 Qd4 25. Nf1 Ra2 26. g4 Qa4 27. Kg2 Bb3
1/2-1/2

[Event "Cto. Madrid 2016/2017 - Semifinal"]
[Site "Madrid ESP"]
[Date "2017.03.28"]
[Round "2.8"]
[White "Camarero Izquierdo, Juan Carlos"]
[Black "Martinez Fernandez, Raul"]
[Result "1-0"]
[WhiteElo "1775"]
[BlackElo "2059"]
[PlyCount "119"]
[EventDate "2017.03.27"]
[EventType "swiss"]
[EventRounds "9"]
[EventCountry "ESP"]
[SourceTitle "AeM"]
[Source "lmi"]
[SourceDate "2017.03.27"]

1. d4 d5 2. Nc3 Nf6 3. Bg5 c6 4. Qd3 Nbd7 5. f3 e5 6. e3 Bb4 7. O-O-O O-O 8.
dxe5 Nxe5 9. Qd4 Bxc3 10. Qxc3 Ned7 11. g4 b5 12. Qxc6 Rb8 13. Qc3 b4 14. Qd4
Qa5 15. Kb1 Ba6 16. Bxf6 Nxf6 17. Nh3 Bxf1 18. Rhxf1 Rb5 19. Nf4 Rd8 20. h4 Qa6
21. g5 Ne8 22. Qd3 Rd6 23. Ne2 Qb7 24. h5 d4 25. Nxd4 Rxg5 26. Rh1 h6 27. Rdg1
Ra5 28. Qb3 Rda6 29. Rg6 Rxa2 30. Rxa6 Rxa6 31. e4 Ra5 32. Qc4 Rg5 33. Qc6 Qxc6
34. Nxc6 Nf6 35. Nxb4 Nxh5 36. c4 Ng3 37. Rh3 Ne2 38. Nd5 Ng1 39. Rh1 Nxf3 40.
Kc2 Re5 41. Kd3 Ng5 42. Re1 f5 43. c5 fxe4+ 44. Kc4 Re6 45. b4 Nf3 46. Ra1 e3
47. Nxe3 Rxe3 48. Rxa7 h5 49. Ra8+ Kh7 50. c6 Re1 51. b5 Rc1+ 52. Kd5 Rd1+ 53.
Ke4 Nd4 54. Rd8 Re1+ 55. Kxd4 Rd1+ 56. Kc5 Rxd8 57. c7 Rd1 58. b6 h4 59. b7
Rc1+ 60. Kb6 1-0

[Event "Cto. Madrid 2016/2017 - Semifinal"]
[Site "Madrid ESP"]
[Date "2017.03.28"]
[Round "2.9"]
[White "Madina Yadarola, Martin"]
[Black "Vazquez Gonzalez, Jesus"]
[Result "1/2-1/2"]
[WhiteElo "2243"]
[BlackElo "1912"]
[PlyCount "71"]
[EventDate "2017.03.27"]
[EventType "swiss"]
[EventRounds "9"]
[EventCountry "ESP"]
[SourceTitle "AeM"]
[Source "lmi"]
[SourceDate "2017.03.27"]

1. Nf3 g6 2. e4 c5 3. c4 Bg7 4. d4 cxd4 5. Nxd4 Nc6 6. Be3 d6 7. Nc3 Nf6 8. Be2
O-O 9. O-O Bd7 10. Nc2 Qc8 11. f3 Rd8 12. Rc1 Be6 13. Qd2 Rd7 14. b3 Qf8 15. g4
h6 16. Bf2 Nh7 17. Nd5 f5 18. Nf4 Qf7 19. Nxe6 Qxe6 20. Qd5 Qxd5 21. exd5 Ne5
22. Nd4 fxg4 23. fxg4 Ng5 24. Kg2 Ne4 25. Be3 Kh7 26. h3 Bf6 27. Nf3 Nxf3 28.
Bxf3 Ng5 29. Be2 Kg7 30. Bd3 b6 31. h4 Nf7 32. Kh3 Rf8 33. Rc2 Rdd8 34. a4 Ne5
35. Be4 g5 36. h5 1/2-1/2

[Event "Cto. Madrid 2016/2017 - Semifinal"]
[Site "Madrid ESP"]
[Date "2017.03.28"]
[Round "2.10"]
[White "Casares Ripoll, Fernando"]
[Black "Ocana Lameiro, Oliver"]
[Result "1/2-1/2"]
[WhiteElo "2106"]
[BlackElo "1966"]
[PlyCount "44"]
[EventDate "2017.03.27"]
[EventType "swiss"]
[EventRounds "9"]
[EventCountry "ESP"]
[SourceTitle "AeM"]
[Source "lmi"]
[SourceDate "2017.03.27"]

1. e4 c6 2. c4 g6 3. d4 Bg7 4. Nc3 d6 5. Nf3 Bg4 6. Be3 Nd7 7. h3 Bxf3 8. Qxf3
e6 9. Qg3 e5 10. O-O-O Qa5 11. Be2 O-O-O 12. f4 Ne7 13. dxe5 dxe5 14. f5 Rhg8
15. fxg6 hxg6 16. Rhf1 f5 17. Bg5 Bf6 18. Rd6 Bxg5+ 19. Qxg5 Rge8 20. Re6 Qc5
21. exf5 gxf5 22. Rd1 Nf8 1/2-1/2

[Event "Cto. Madrid 2016/2017 - Semifinal"]
[Site "Madrid ESP"]
[Date "2017.03.28"]
[Round "2.11"]
[White "Jimenez Gonzalez, Marcos"]
[Black "Anton Veiga, Juan Carlos"]
[Result "0-1"]
[WhiteElo "1829"]
[BlackElo "2089"]
[PlyCount "138"]
[EventDate "2017.03.27"]
[EventType "swiss"]
[EventRounds "9"]
[EventCountry "ESP"]
[SourceTitle "AeM"]
[Source "lmi"]
[SourceDate "2017.03.27"]

1. d4 c5 2. d5 e5 3. c4 d6 4. Nc3 Ne7 5. e4 Ng6 6. g3 Be7 7. h4 O-O 8. h5 Nh8
9. Nge2 Bg5 10. f4 exf4 11. Nxf4 Nd7 12. Bh3 h6 13. b3 Qf6 14. Qc2 Ne5 15. Bg2
Bg4 16. O-O Qe7 17. Nce2 Bd7 18. Bb2 b5 19. Rae1 bxc4 20. bxc4 Rab8 21. Rb1 Ng4
22. Qd3 Ne5 23. Bxe5 Qxe5 24. Rxb8 Rxb8 25. Rb1 Qe8 26. Rxb8 Qxb8 27. Qb3 Qb6
28. Kf2 Bf6 29. Bh3 Be8 30. Qxb6 axb6 31. Nc1 Kf8 32. Kf3 Ke7 33. Bf1 Bc3 34.
Ncd3 g5 35. hxg6 Nxg6 36. Nxg6+ fxg6 37. Nf4 Kf6 38. Ne6 Ba4 39. Nc7 Bc2 40.
Nb5 Be5 41. Be2 Ke7 42. Nc7 Bc3 43. Ne6 Bb1 44. Bf1 Bxa2 45. Bd3 Bb3 46. Nf4 g5
47. Ne6 Kf6 48. Nc7 h5 49. Ne8+ Ke5 50. Ke2 h4 51. gxh4 gxh4 52. Ng7 h3 53. Nf5
Kf4 54. Kf1 Be5 55. Kg1 Kf3 56. Bf1 h2+ 57. Kh1 Kxe4 58. Ne7 Bd1 59. Nc6 Bf4
60. Na7 Kd4 61. Nb5+ Ke3 62. Na7 Bf3+ 63. Bg2 Bxg2+ 64. Kxg2 Kd3 65. Nc8 Kxc4
66. Nxb6+ Kd3 67. Na4 c4 68. Nb2+ Kd4 69. Nd1 c3 0-1

[Event "Cto. Madrid 2016/2017 - Semifinal"]
[Site "Madrid ESP"]
[Date "2017.03.28"]
[Round "2.12"]
[White "Lopez Heras, Arturo"]
[Black "Spitzer Isbert, Ramon"]
[Result "1-0"]
[WhiteElo "1905"]
[BlackElo "2023"]
[PlyCount "83"]
[EventDate "2017.03.27"]
[EventType "swiss"]
[EventRounds "9"]
[EventCountry "ESP"]
[SourceTitle "AeM"]
[Source "lmi"]
[SourceDate "2017.03.27"]

1. d4 Nf6 2. Nf3 g6 3. c4 Bg7 4. Nc3 O-O 5. e4 d6 6. Be2 e5 7. O-O Nc6 8. d5
Ne7 9. Ne1 Nd7 10. Be3 f5 11. f3 Nf6 12. c5 f4 13. Bf2 g5 14. cxd6 cxd6 15. Rc1
Rf7 16. Nb5 Ng6 17. Nxa7 Bd7 18. Nb5 Bf8 19. Nc7 g4 20. Ne6 Qa5 21. a3 g3 22.
hxg3 fxg3 23. Bxg3 Bh6 24. Bf2 Bxc1 25. Qxc1 Rc8 26. Qe3 Nh5 27. Nd3 Bxe6 28.
dxe6 Rg7 29. Be1 Qd8 30. g3 Nhf4 31. gxf4 Nxf4+ 32. Kh1 Qg5 33. Qf2 Ng2 34. Qg1
Rc2 35. Rf2 Qh5+ 36. Qh2 Nh4 37. Bd1 Rg2 38. Rxg2+ Rxg2 39. Qxh4 Qg6 40. Qd8+
Kg7 41. Qe7+ Kh6 42. Qf8+ 1-0

[Event "Cto. Madrid 2016/2017 - Semifinal"]
[Site "Madrid ESP"]
[Date "2017.03.28"]
[Round "2.13"]
[White "Barragan Arriaza, Pablo"]
[Black "Arbunic Castro, Giovanna B"]
[Result "1/2-1/2"]
[WhiteElo "1872"]
[BlackElo "2005"]
[PlyCount "103"]
[EventDate "2017.03.27"]
[EventType "swiss"]
[EventRounds "9"]
[EventCountry "ESP"]
[SourceTitle "AeM"]
[Source "lmi"]
[SourceDate "2017.03.27"]

1. c4 e6 2. g3 Nf6 3. Bg2 Be7 4. Nf3 O-O 5. O-O d5 6. d4 b6 7. Nc3 Bb7 8. Ne5
Nbd7 9. Nxd7 Qxd7 10. Qc2 c6 11. Rd1 dxc4 12. e4 b5 13. Bg5 h6 14. Bxf6 Bxf6
15. e5 Be7 16. Ne4 Qc7 17. Nc5 Bxc5 18. dxc5 Qxe5 19. Rd7 Bc8 20. Rd6 Qxc5 21.
Rxc6 Qe7 22. Rxc4 bxc4 23. Bxa8 Ba6 24. Bg2 Qf6 25. Rb1 Rd8 26. Qa4 Rd2 27. Rf1
e5 28. Qb4 Qd8 29. Qc3 Qd6 30. h3 f5 31. Re1 e4 32. Bf1 Qd4 33. Qxd4 Rxd4 34.
Rc1 Rd2 35. Bxc4+ Bxc4 36. Rxc4 Rxb2 37. Rc5 g6 38. Rc8+ Kf7 39. Rc7+ Kf6 40.
Rxa7 Kg5 41. a4 h5 42. Ra6 h4 43. gxh4+ Kxh4 44. Rxg6 Kxh3 45. Rg3+ Kh4 46. Ra3
f4 47. a5 Rb7 48. a6 Ra7 49. Ra4 Kg4 50. Rxe4 Rxa6 51. Kg2 Ra2 52. Rb4 1/2-1/2

[Event "Cto. Madrid 2016/2017 - Semifinal"]
[Site "Madrid ESP"]
[Date "2017.03.28"]
[Round "2.14"]
[White "Cabanas Bravo, Juan Andres"]
[Black "Garcia Serrano, Jose Manuel"]
[Result "1-0"]
[WhiteElo "2005"]
[BlackElo "1871"]
[PlyCount "85"]
[EventDate "2017.03.27"]
[EventType "swiss"]
[EventRounds "9"]
[EventCountry "ESP"]
[SourceTitle "AeM"]
[Source "lmi"]
[SourceDate "2017.03.27"]

1. e4 e5 2. d4 exd4 3. c3 d5 4. exd5 Qxd5 5. cxd4 Nc6 6. Nf3 Nf6 7. Be2 Bb4+ 8.
Nc3 a6 9. O-O Qd6 10. a3 Ba5 11. Na4 Ne7 12. Ne5 c6 13. Bf4 Nfd5 14. Bg3 Qd8
15. Bd3 O-O 16. Qh5 Nf6 17. Qh4 Bf5 18. Rfd1 Bxd3 19. Rxd3 Nf5 20. Qf4 Nxg3 21.
hxg3 Bc7 22. Rad1 Nd5 23. Qc1 Qe7 24. Nf3 Rfe8 25. Nc5 Bd6 26. Re1 Qc7 27. Ne4
h6 28. Rb3 a5 29. Nxd6 Qxd6 30. Rxb7 Reb8 31. Rxb8+ Rxb8 32. Ne5 a4 33. Re2 Re8
34. Kf1 Re6 35. Qc5 Qc7 36. Rc2 Ne7 37. Qc4 Qa7 38. Re2 Qa5 39. Nxf7 Rxe2 40.
Ne5+ Nd5 41. Kxe2 Qa7 42. Nxc6 Qf7 43. Qxd5 1-0

[Event "Cto. Madrid 2016/2017 - Semifinal"]
[Site "Madrid ESP"]
[Date "2017.03.28"]
[Round "2.15"]
[White "Pashov, Spas Nikolov"]
[Black "Pablos Tenrero, Raquel"]
[Result "0-1"]
[WhiteElo "1867"]
[BlackElo "1987"]
[PlyCount "46"]
[EventDate "2017.03.27"]
[EventType "swiss"]
[EventRounds "9"]
[EventCountry "ESP"]
[SourceTitle "AeM"]
[Source "lmi"]
[SourceDate "2017.03.27"]

1. e4 c6 2. d4 d5 3. exd5 cxd5 4. c4 Nf6 5. Nc3 g6 6. Nf3 Bg7 7. Bg5 dxc4 8.
Bxc4 O-O 9. O-O Nc6 10. Re1 Bg4 11. d5 Na5 12. Be2 Rc8 13. Rc1 Nc4 14. b3 Nb6
15. h3 Bf5 16. g4 Nxg4 17. hxg4 Bxc3 18. gxf5 Bxe1 19. Qxe1 Qxd5 20. Bxe7 Rfe8
21. f6 Qh5 22. Rd1 Nd5 23. Nh2 Qg5+ 0-1

[Event "Cto. Madrid 2016/2017 - Semifinal"]
[Site "Madrid ESP"]
[Date "2017.03.28"]
[Round "2.16"]
[White "Vazquez Gonzalez, Francisco"]
[Black "Lozano Sanchez, Jose Antonio"]
[Result "1-0"]
[WhiteElo "1955"]
[BlackElo "1864"]
[PlyCount "97"]
[EventDate "2017.03.27"]
[EventType "swiss"]
[EventRounds "9"]
[EventCountry "ESP"]
[SourceTitle "AeM"]
[Source "lmi"]
[SourceDate "2017.03.27"]

1. e4 e5 2. Nf3 Nc6 3. Bc4 Nf6 4. Ng5 d5 5. exd5 Na5 6. Bb5+ Bd7 7. Qe2 Nxd5 8.
Bxd7+ Qxd7 9. Qxe5+ Qe7 10. Qxe7+ Bxe7 11. Ne4 Nb4 12. Kd1 O-O-O 13. a3 Nd5 14.
d3 f5 15. Ng5 Rde8 16. Nf3 Nc6 17. Bd2 Bf6 18. Nc3 Rd8 19. Nxd5 Rxd5 20. Bc3
Bxc3 21. bxc3 Re8 22. Kd2 h6 23. h4 g6 24. Rhe1 Rxe1 25. Rxe1 Kd7 26. d4 Ra5
27. Ra1 Kd6 28. Kd3 Ne7 29. Ne5 Ra4 30. Nf7+ Kd7 31. f3 Nd5 32. Ne5+ Ke6 33.
Nxg6 Kf6 34. h5 Kg5 35. g3 Kxh5 36. Ne5 Kg5 37. f4+ Nxf4+ 38. gxf4+ Kxf4 39.
Rf1+ Kg5 40. Rg1+ Kf4 41. Ng6+ Kf3 42. Rh1 Kg4 43. Ne5+ Kg3 44. Rxh6 Rxa3 45.
Rg6+ Kf4 46. Rg7 c5 47. Nc4 Ra1 48. Rxb7 Rd1+ 49. Ke2 1-0

[Event "Cto. Madrid 2016/2017 - Semifinal"]
[Site "Madrid ESP"]
[Date "2017.03.28"]
[Round "2.17"]
[White "Fernandez Garcia, Ignacio"]
[Black "Vukotic Jovsic, Dragan"]
[Result "1-0"]
[WhiteElo "1862"]
[BlackElo "1950"]
[PlyCount "65"]
[EventDate "2017.03.27"]
[EventType "swiss"]
[EventRounds "9"]
[EventCountry "ESP"]
[SourceTitle "AeM"]
[Source "lmi"]
[SourceDate "2017.03.27"]

1. e4 c5 2. Nf3 e6 3. c3 d5 4. e5 Bd7 5. d4 Qb6 6. Bd3 Bb5 7. O-O Nc6 8. Bxb5
Qxb5 9. Na3 Qb6 10. c4 O-O-O 11. cxd5 Rxd5 12. Nc4 Qd8 13. Bg5 f6 14. exf6 gxf6
15. Bh4 Nxd4 16. Ne3 Rd7 17. Ne5 Rg7 18. Qa4 Kb8 19. Kh1 Bd6 20. Nf3 Bc7 21.
Rfd1 e5 22. b4 Bb6 23. bxc5 Bxc5 24. Bg3 Rd7 25. Nxe5 fxe5 26. Bxe5+ Bd6 27.
Rxd4 Bxe5 28. Rxd7 Qc8 29. Rad1 Nf6 30. Re7 Qc3 31. Qb5 Bc7 32. Nd5 Qc2 33. Rb1
1-0

[Event "Cto. Madrid 2016/2017 - Semifinal"]
[Site "Madrid ESP"]
[Date "2017.03.28"]
[Round "2.18"]
[White "Rosa Ramirez, Victor Diego"]
[Black "Santamaria Baeza, Adolfo"]
[Result "1-0"]
[WhiteElo "1945"]
[BlackElo "1855"]
[PlyCount "54"]
[EventDate "2017.03.27"]
[EventType "swiss"]
[EventRounds "9"]
[EventCountry "ESP"]
[SourceTitle "AeM"]
[Source "lmi"]
[SourceDate "2017.03.27"]

1. e4 e5 2. Nf3 Nc6 3. Bc4 Qf6 4. Nc3 Bc5 5. O-O Nge7 6. Nd5 Nxd5 7. exd5 Ne7
8. d4 exd4 9. Bg5 Qg6 10. Bxe7 Bxe7 11. Re1 d6 12. Nxd4 Qg4 13. f3 Qg5 14. Qe2
Kd8 15. f4 Qf6 16. c3 Bd7 17. Bb5 a6 18. Bxd7 Kxd7 19. Qg4+ Kd8 20. Re2 Qg6 21.
Qh3 Qh6 22. Qd3 g6 23. Qc4 Bf6 24. Rae1 Kc8 25. Re7 Bxe7 26. Rxe7 c5 27. dxc6
b5 1-0

[Event "Cto. Madrid 2016/2017 - Semifinal"]
[Site "Madrid ESP"]
[Date "2017.03.28"]
[Round "2.19"]
[White "Molina Garcia, Francisco Javier"]
[Black "Serrano Garcia, Vicente"]
[Result "1-0"]
[WhiteElo "1922"]
[BlackElo "1841"]
[PlyCount "125"]
[EventDate "2017.03.27"]
[EventType "swiss"]
[EventRounds "9"]
[EventCountry "ESP"]
[SourceTitle "AeM"]
[Source "lmi"]
[SourceDate "2017.03.27"]

1. e4 e6 2. d3 d5 3. Nd2 Nf6 4. g3 Bc5 5. Bg2 O-O 6. Ngf3 dxe4 7. dxe4 Nc6 8.
O-O e5 9. c3 a5 10. Qc2 h6 11. Nc4 Qe7 12. Ne3 Rd8 13. Nh4 g6 14. Nd5 Qd6 15.
Bxh6 Nxd5 16. exd5 Ne7 17. Bg5 Kg7 18. Rad1 Rh8 19. Be3 Bxe3 20. fxe3 Nf5 21.
Nxf5+ Bxf5 22. Qf2 f6 23. c4 b6 24. e4 Bh3 25. Rc1 Qc5 26. Qxc5 bxc5 27. Bxh3
Rxh3 28. Rf2 Rhh8 29. Rc3 Rhb8 30. Rcf3 Ra6 31. g4 Rab6 32. b3 g5 33. Rh3 a4
34. bxa4 Rb4 35. Rb3 Rxb3 36. axb3 Rxb3 37. Ra2 Rb6 38. a5 Ra6 39. Kf2 Kf7 40.
Ke2 Ke7 41. Kd2 Kd6 42. Kc3 Kd7 43. Kb3 c6 44. Ka4 Kc7 45. Rf2 cxd5 46. cxd5
Kd7 47. Kb5 Ra8 48. Rxf6 c4 49. Rc6 Rb8+ 50. Kxc4 Rb1 51. a6 Ra1 52. Kb5 Rb1+
53. Kc5 Rc1+ 54. Kb6 Rb1+ 55. Ka7 Rb4 56. Rb6 Rxe4 57. Kb7 Rc4 58. a7 Rc7+ 59.
Ka6 Rc2 60. a8=Q Ra2+ 61. Kb7 Rxa8 62. Kxa8 e4 63. Re6 1-0

[Event "Cto. Madrid 2016/2017 - Semifinal"]
[Site "Madrid ESP"]
[Date "2017.03.28"]
[Round "2.20"]
[White "Anton Quevedo, Andrea"]
[Black "Guillo Longares, Cecilia"]
[Result "0-1"]
[WhiteElo "1849"]
[BlackElo "1919"]
[PlyCount "74"]
[EventDate "2017.03.27"]
[EventType "swiss"]
[EventRounds "9"]
[EventCountry "ESP"]
[SourceTitle "AeM"]
[Source "lmi"]
[SourceDate "2017.03.27"]

1. c4 g6 2. Nc3 Bg7 3. g3 e5 4. Bg2 f5 5. d3 d6 6. Nf3 Nf6 7. O-O O-O 8. Rb1
Ne8 9. e3 c6 10. Qc2 a5 11. a3 Nc7 12. b4 d5 13. b5 e4 14. dxe4 fxe4 15. Nd2
Nd7 16. b6 Bxc3 17. Qxc3 Ne6 18. cxd5 cxd5 19. Bb2 Nf6 20. Qc2 Ng5 21. Be5 Nh3+
22. Bxh3 Bxh3 23. Rfd1 Qd7 24. Nxe4 Nxe4 25. f4 Bg4 26. Rd3 Bf3 27. Qa2 Nf6 28.
Rf1 Qg4 29. Rf2 Rac8 30. Qb2 Ne4 31. Rc2 Rxc2 32. Qxc2 Rc8 33. Qb2 Nxg3 34.
hxg3 Qxg3+ 35. Kf1 Bg2+ 36. Ke2 Qf3+ 37. Kd2 Qf2+ 0-1

[Event "Cto. Madrid 2016/2017 - Semifinal"]
[Site "Madrid ESP"]
[Date "2017.03.29"]
[Round "3.1"]
[White "Torres Bosch, Jose Francisco"]
[Black "Corisco Beltran, Rafael"]
[Result "1-0"]
[WhiteElo "2154"]
[BlackElo "2038"]
[PlyCount "75"]
[EventDate "2017.03.27"]
[EventType "swiss"]
[EventRounds "9"]
[EventCountry "ESP"]
[SourceTitle "AeM"]
[Source "lmi"]
[SourceDate "2017.03.27"]

1. d4 Nf6 2. c4 g6 3. Nc3 d5 4. cxd5 Nxd5 5. e4 Nxc3 6. bxc3 c5 7. Nf3 Bg7 8.
Rb1 Nc6 9. Be3 O-O 10. Be2 b6 11. O-O cxd4 12. cxd4 Bb7 13. d5 Ne5 14. Nd4 Rc8
15. Qa4 a6 16. f4 b5 17. Nxb5 axb5 18. Qxb5 Rc3 19. Bf2 Bc8 20. fxe5 Bxe5 21.
Rfc1 Rxc1+ 22. Rxc1 Qd6 23. h3 Bd7 24. Qb6 Qa3 25. Qc5 Qb2 26. Qc2 Qa3 27. Rb1
Ba4 28. Qc4 Bd7 29. Qb3 Qd6 30. a4 Rc8 31. a5 Rc3 32. Qb6 Bh2+ 33. Kh1 Rc2 34.
Qxd6 Bxd6 35. a6 Kg7 36. Bd4+ f6 37. a7 Ra2 38. Ra1 1-0

[Event "Cto. Madrid 2016/2017 - Semifinal"]
[Site "Madrid ESP"]
[Date "2017.03.29"]
[Round "3.2"]
[White "Pindado Campos, Raul"]
[Black "Iagar, Razvan Gabriel"]
[Result "1/2-1/2"]
[WhiteElo "2046"]
[BlackElo "2150"]
[PlyCount "159"]
[EventDate "2017.03.27"]
[EventType "swiss"]
[EventRounds "9"]
[EventCountry "ESP"]
[SourceTitle "AeM"]
[Source "lmi"]
[SourceDate "2017.03.27"]

1. d4 d5 2. Nf3 Nf6 3. c4 c6 4. cxd5 cxd5 5. Nc3 Nc6 6. Bf4 Bf5 7. e3 e6 8. Bd3
Bxd3 9. Qxd3 Bd6 10. Bxd6 Qxd6 11. O-O O-O 12. a3 a6 13. b4 b5 14. Rfc1 Rfc8
15. Rc2 Ne7 16. Rac1 Nd7 17. Ng5 Nf6 18. e4 Qf4 19. Nh3 dxe4 20. Nxf4 exd3 21.
Nxd3 Rd8 22. Ne2 Nfd5 23. Nc5 h6 24. g3 Nf5 25. Nb3 Kf8 26. Rc6 Nfe7 27. R6c2
Ke8 28. Kg2 Rd6 29. Ng1 Nb6 30. Nf3 Nc4 31. Ra2 Nc6 32. Raa1 a5 33. bxa5 N4xa5
34. Nxa5 Rxa5 35. Rd1 Ra4 36. Rdb1 Rd5 37. Ra2 Nxd4 38. Nxd4 Raxd4 39. Rab2 Rd3
40. Rxb5 Rxb5 41. Rxb5 Rxa3 42. Rb7 Rd3 43. Ra7 Rd7 44. Ra8+ Ke7 45. Ra6 e5 46.
h3 f5 47. Ra5 Ke6 48. Ra6+ Rd6 49. Ra7 Kf6 50. Ra8 e4 51. Rf8+ Ke5 52. Rf7 g5
53. Re7+ Re6 54. Ra7 f4 55. Ra5+ Kd4 56. Ra4+ Kd3 57. Ra3+ Kc2 58. gxf4 gxf4
59. Ra2+ Kb3 60. Ra8 Kc3 61. Ra3+ Kb4 62. Ra8 Kc4 63. Ra4+ Kd5 64. Ra5+ Kd4 65.
Ra4+ Ke5 66. Ra5+ Kf6 67. Rh5 Kg6 68. Ra5 Rb6 69. Re5 Rb4 70. Re8 Kf5 71. Rf8+
Ke5 72. Re8+ Kd4 73. Rd8+ Kc3 74. Rf8 e3 75. fxe3 fxe3 76. Kf3 Kd3 77. Rd8+ Rd4
78. Re8 Rh4 79. Rxe3+ Kd4 80. Kg3 1/2-1/2

[Event "Cto. Madrid 2016/2017 - Semifinal"]
[Site "Madrid ESP"]
[Date "2017.03.29"]
[Round "3.3"]
[White "Rottenwohrer Suarez, Juan"]
[Black "Camarero Izquierdo, Juan Carlos"]
[Result "0-1"]
[WhiteElo "2129"]
[BlackElo "1775"]
[PlyCount "48"]
[EventDate "2017.03.27"]
[EventType "swiss"]
[EventRounds "9"]
[EventCountry "ESP"]
[SourceTitle "AeM"]
[Source "lmi"]
[SourceDate "2017.03.27"]

1. c4 e5 2. Nc3 Nf6 3. g3 Bb4 4. Bg2 Bxc3 5. dxc3 d6 6. Nf3 O-O 7. O-O Nbd7 8.
Be3 Kh8 9. Qc2 Qe7 10. h3 Nh5 11. Nh4 Nb6 12. Nf5 Qf6 13. Bxb6 Bxf5 14. e4 Bxh3
15. Bxc7 Bxg2 16. Kxg2 Rac8 17. Ba5 Qg6 18. b3 f5 19. exf5 Rxf5 20. Rh1 e4 21.
Rxh5 Qxh5 22. Qxe4 Rxa5 23. Rh1 Qf5 24. Qe7 Rxa2 0-1

[Event "Cto. Madrid 2016/2017 - Semifinal"]
[Site "Madrid ESP"]
[Date "2017.03.29"]
[Round "3.4"]
[White "Gonzalez Rivera, Eduardo"]
[Black "Alfaya Marcelo, Roberto"]
[Result "1-0"]
[WhiteElo "2020"]
[BlackElo "2193"]
[PlyCount "97"]
[EventDate "2017.03.27"]
[EventType "swiss"]
[EventRounds "9"]
[EventCountry "ESP"]
[SourceTitle "AeM"]
[Source "lmi"]
[SourceDate "2017.03.27"]

1. e4 g6 2. d4 Bg7 3. Nc3 c5 4. Nf3 cxd4 5. Nxd4 Nc6 6. Be3 d6 7. Be2 Nf6 8. f4
O-O 9. Nb3 Be6 10. g4 Qc8 11. f5 Bd7 12. Nd4 Nxd4 13. Bxd4 Bc6 14. g5 Nd7 15.
Bxg7 Kxg7 16. Rf1 f6 17. Qd2 Ne5 18. O-O-O b5 19. gxf6+ Rxf6 20. fxg6 b4 21.
Nd5 Bxd5 22. Qxd5 Rxf1 23. Rxf1 hxg6 24. h4 Qc6 25. Rf7+ Kg8 26. Rxe7+ Qxd5 27.
exd5 a5 28. Re6 Rd8 29. c4 bxc3 30. bxc3 Kf7 31. h5 g5 32. h6 g4 33. Kd2 Kg8
34. Bxg4 Nxg4 35. Rg6+ Kh7 36. Rxg4 Kxh6 37. Kd3 Rb8 38. Rc4 Rb2 39. Rc6 Rxa2
40. Rxd6+ Kg7 41. Re6 Ra1 42. Re2 Kf7 43. Kc4 a4 44. Kc5 a3 45. c4 Rb1 46. Ra2
Rb3 47. Kd6 Ke8 48. c5 Kd8 49. Rh2 1-0